01283nam a2200325Ic 450000100060000000300100000600500170001600700030003300800410003602000180007704000350009504100080013008200250013810000310016324501720019425000220036626400500038830000670043833600270050533700330053233800280056550400410059352100530063454500620068765000690074965000470081865000400086570000270090570000250093257765CO-BoRNBP20250730145429.0ta210824r20142017ck ao jr 000 0dspa d a9789585402119 aCO-BoRNBPbspaerdacCO-BoRNBP0 aspa04a398.209861bD81i222 aDuchesne Winter, Juaneaut10aInvitación al baile del muñeco :bmáscara, pensamiento y territorio en el Amazonas /ctexto Juan Duchesne Winter ; fotografía Constanza Ussa, Jeisson Castillo. aPrimera edición 1aBogotá, Colombia :bEdiciones Aurora,c2017 a161 páginas :bilustraciones, fotografías a blanco y negro atextobtxt2rdacontent asin mediaciónbn2rdamedia avolumenbnc2rdacarrier aIncluye referencias bibliográficas aRecomendado para un público mayor de 15 años aIncluye datos biográficos de los autores en las solapas07aBaile del muñeco (Danza Indígena)zAmazonas (Colombia)2lemb07aCultura popularzAmazonas (Colombia)2lemb07aDanzas Populares y Nacionales2LEMB aCastillo, Jeissonepht aUssa, Constanzaepht